Computer literacy : (Record no. 148073)

MARC details
000 -LEADER
fixed length control field 00856nam a2200265 a 4500
008 - FIXED-LENGTH DATA ELEMENTS--GENERAL INFORMATION
fixed length control field
020 ## - INTERNATIONAL STANDARD BOOK NUMBER
International Standard Book Number 0070492476 (hbk. )
049 ## - LOCAL HOLDINGS (OCLC)
Holding library MAIN
090 ## - LOCALLY ASSIGNED LC-TYPE CALL NUMBER (OCLC); LOCAL CALL NUMBER (RLIN)
Classification number (OCLC) (R) ; Classification number, CALL (RLIN) (NR) QA76.5 LUE
003 - CONTROL NUMBER IDENTIFIER
control field
005 - DATE AND TIME OF LATEST TRANSACTION
control field 20230123133416.0
040 ## - CATALOGING SOURCE
Transcribing agency NUST
100 1# - MAIN ENTRY--PERSONAL NAME
Personal name Luehrmann, Arthur.
245 10 - TITLE STATEMENT
Title Computer literacy :
Remainder of title a hands-on approach : TRS-80 version /
Statement of responsibility, etc. Arthur Luehrmann, Herbert Peckham ; with Antonio Padial.
260 ## - PUBLICATION, DISTRIBUTION, ETC.
Place of publication, distribution, etc. New York :
Name of publisher, distributor, etc. McGraw-Hill,
Date of publication, distribution, etc. 1986.
300 ## - PHYSICAL DESCRIPTION
Extent xxix, 379 p. :
Other physical details ill. (some col.) ;
Dimensions 25 cm.
440 #2 - SERIES STATEMENT/ADDED ENTRY--TITLE
Title A Computer literacy book.
500 ## - GENERAL NOTE
General note Includes index.
650 #0 - SUBJECT ADDED ENTRY--TOPICAL TERM
Topical term or geographic name entry element TRS-80 computers
General subdivision Programming.
650 #0 - SUBJECT ADDED ENTRY--TOPICAL TERM
Topical term or geographic name entry element BASIC (Computer program language)
700 1# - ADDED ENTRY--PERSONAL NAME
Personal name Peckham, Herbert D.
700 1# - ADDED ENTRY--PERSONAL NAME
Personal name Padial, Antonio.
907 ## - LOCAL DATA ELEMENT G, LDG (RLIN)
a .b10044516
b 07-03-07
c 17-04-03
942 ## - ADDED ENTRY ELEMENTS (KOHA)
Koha item type Ordinary Loan Books
Call number prefix QA76.5 LUE
Holdings
Date last seen Total Checkouts Full call number Barcode Cost, replacement price Price effective from Koha item type Lost status Source of classification or shelving scheme Damaged status Not for loan Collection Withdrawn status Home library Current library Shelving location Date acquired Cost, normal purchase price
01/23/2023 4 QA76.5 LUE 92003008674 80.00 01/23/2023 BOOKS   LCC     NFIC   MAIN MAIN GEN 01/23/2023 80.00